[Event "Dortmund Sparkassen op-B"]
[Site "Dortmund"]
[Date "2008.07.06"]
[Round "9"]
[White "Meyer, Leon"]
[Black "Lobbe, Alexander"]
[Result "0-1"]
[WhiteElo "1406"]
[BlackElo "1589"]
[PlyCount "84"]
[EventDate "2008.06.30"]
[EventType "swiss"]
[EventRounds "9"]
[EventCountry "GER"]
[SourceTitle "EXT 2022"]
[Source "ChessBase"]
[SourceDate "2021.10.06"]
[SourceVersion "1"]
[SourceVersionDate "2021.10.06"]
[SourceQuality "1"]

1. d4 Nf6 2. Bg5 Ne4 3. Bf4 c5 4. d5 Qa5+ 5. c3 d6 6. Nd2 Nxd2 7. Qxd2 Nd7 8. e4 Nf6 9. f3 Bd7 10. Bd3 g6 11. Ne2 Bg7 12. 0-0 0-0 13. Bh6 Qb6 14. Kh1 a6 15. Rab1 Bb5 16. Bxb5 axb5 17. a3 Rfc8 18. Ng3 b4 19. Bxg7 Kxg7 20. Qg5 h6 21. Nf5+ Kf8 22. Qxh6+ Ke8 23. Nh4 Qa5 24. h3 Rcb8 25. Qc1 bxa3 26. bxa3 Qxa3 27. Ra1 Qxa1 28. Qxa1 Rxa1 29. Rxa1 Nh5 30. g4 Nf4 31. Ra2 b5 32. Kh2 b4 33. cxb4 cxb4 34. Ng2 b3 35. Ra1 b2 36. Rb1 Nd3 37. Ne3 Rc8 38. Nd1 Rc1 39. Nxb2 Rxb1 40. Nxd3 Rb3 41. Ne1 Re3 42. Ng2 Rxf3 0-1

[Event "Dortmund Sparkassen op-B"]
[Site "Dortmund"]
[Date "2008.07.03"]
[Round "5"]
[White "Olschewski, Niklas"]
[Black "Lobbe, Alexander"]
[Result "1/2-1/2"]
[WhiteElo "1329"]
[BlackElo "1589"]
[PlyCount "50"]
[EventDate "2008.06.30"]
[EventType "swiss"]
[EventRounds "9"]
[EventCountry "GER"]
[SourceTitle "EXT 2022"]
[Source "ChessBase"]
[SourceDate "2021.10.06"]
[SourceVersion "1"]
[SourceVersionDate "2021.10.06"]
[SourceQuality "1"]

1. d4 Nf6 2. c4 e6 3. Nc3 Bb4 4. Qc2 d5 5. Nf3 0-0 6. Bg5 Nbd7 7. e3 Be7 8. Be2 b6 9. 0-0 Bb7 10. Rac1 Rc8 11. Nd2 h6 12. Bh4 c5 13. dxc5 Nxc5 14. b3 Re8 15. Rfd1 dxc4 16. Nxc4 Ncd7 17. Qb2 Nd5 18. Bxe7 Rxe7 19. Nd6 Nxc3 20. Rxc3 Rxc3 21. Qxc3 Qb8 22. Nxb7 Qxb7 23. Bf3 Qb8 24. g3 Nf6 25. Qb4 Re8 1/2-1/2

[Event "Dortmund Sparkassen op-B"]
[Site "Dortmund"]
[Date "2008.07.02"]
[Round "4"]
[White "Lobbe, Alexander"]
[Black "Wickenfeld, Udo"]
[Result "1-0"]
[WhiteElo "1589"]
[BlackElo "1290"]
[PlyCount "51"]
[EventDate "2008.06.30"]
[EventType "swiss"]
[EventRounds "9"]
[EventCountry "GER"]
[SourceTitle "EXT 2022"]
[Source "ChessBase"]
[SourceDate "2021.10.06"]
[SourceVersion "1"]
[SourceVersionDate "2021.10.06"]
[SourceQuality "1"]

1. d4 Nf6 2. Bg5 d6 3. Nf3 h6 4. Bxf6 gxf6 5. Nbd2 e5 6. e3 Bg7 7. c3 Nc6 8. Qc2 Ne7 9. 0-0-0 exd4 10. exd4 Bf5 11. Bd3 Bxd3 12. Qxd3 Qd7 13. Rhe1 0-0-0 14. Re2 Nd5 15. g3 Qc6 16. Kb1 h5 17. Nh4 Qd7 18. f4 Rde8 19. Rde1 Rxe2 20. Rxe2 Ne7 21. Qe4 Bf8 22. d5 f5 23. Qd4 Qb5 24. c4 Qe8 25. Qxa7 c6 26. Nxf5 1-0

[Event "GER-chT U12"]
[Site "Verden"]
[Date "2005.12.28"]
[Round "3.2"]
[White "Zrenner, Maximilian"]
[Black "Lobbe, Alexander"]
[Result "0-1"]
[WhiteElo "1224"]
[BlackElo "1312"]
[PlyCount "34"]
[EventDate "2005.12.27"]
[EventType "team-swiss"]
[EventRounds "7"]
[EventCountry "GER"]
[SourceTitle "CBM 110 Extra"]
[Source "ChessBase"]
[SourceDate "2006.03.10"]
[SourceVersion "2"]
[SourceVersionDate "2006.03.10"]
[SourceQuality "1"]

1. e4 c5 2. Nf3 e6 3. d4 cxd4 4. Nxd4 Bc5 5. Nb3 Bb6 6. Nc3 Nc6 7. Be2 Nge7 8. 0-0 0-0 9. Bf4 f5 10. Bd6 Bc7 11. Ba3 Re8 12. f4 d6 13. exf5 Nxf5 14. Re1 Bb6+ 15. Kh1 Qh4 16. Qd3 Be3 17. Bf1 Ng3# 0-1

[Event "GER-chT U12"]
[Site "Verden"]
[Date "2005.12.27"]
[Round "1.2"]
[White "Dittmann, Jan"]
[Black "Lobbe, Alexander"]
[Result "0-1"]
[WhiteElo "1160"]
[BlackElo "1312"]
[PlyCount "60"]
[EventDate "2005.12.27"]
[EventType "team-swiss"]
[EventRounds "7"]
[EventCountry "GER"]
[SourceTitle "CBM 110 Extra"]
[Source "ChessBase"]
[SourceDate "2006.03.10"]
[SourceVersion "2"]
[SourceVersionDate "2006.03.10"]
[SourceQuality "1"]

1. c4 Nf6 2. Nc3 g6 3. d3 Bg7 4. g3 d6 5. Bg2 0-0 6. Nf3 Nc6 7. 0-0 e5 8. Bd2 Re8 9. Qc2 Bd7 10. a3 a5 11. Rab1 Bg4 12. e3 Qc8 13. b4 axb4 14. axb4 Bh3 15. b5 Bxg2 16. Kxg2 Ne7 17. d4 Qe6 18. dxe5 dxe5 19. Ne2 Nf5 20. c5 e4 21. Nfd4 Nxd4 22. Nxd4 Qd5 23. Ra1 Red8 24. Rxa8 Rxa8 25. Bb4 Ng4 26. Qd2 Ra2 27. Qd1 h5 28. h3 Nxe3+ 29. Kg1 Nxd1 30. Rxd1 Bxd4 0-1

[Event "GER-chT U12"]
[Site "Verden"]
[Date "2005.12.27"]
[Round "2.2"]
[White "Lobbe, Alexander"]
[Black "Ameln, Till"]
[Result "1-0"]
[WhiteElo "1312"]
[BlackElo "1397"]
[PlyCount "78"]
[EventDate "2005.12.27"]
[EventType "team-swiss"]
[EventRounds "7"]
[EventCountry "GER"]
[SourceTitle "CBM 110 Extra"]
[Source "ChessBase"]
[SourceDate "2006.03.10"]
[SourceVersion "2"]
[SourceVersionDate "2006.03.10"]
[SourceQuality "1"]

1. d4 e6 2. Nc3 d5 3. e4 c5 4. exd5 exd5 5. dxc5 Nf6 6. Bg5 Bxc5 7. Nf3 Be6 8. a3 Nbd7 9. b4 Be7 10. Bd3 h6 11. Bh4 0-0 12. 0-0 Nb6 13. Qc1 Qc7 14. Nb5 Qd7 15. Ne5 Qc8 16. Re1 Qb8 17. c4 Re8 18. c5 Nbd7 19. Nxd7 Bxd7 20. Nd4 Qc7 21. Bg3 Qc8 22. Bh4 Qd8 23. Qc2 Ng4 24. Bxe7 Rxe7 25. Bf5 Bxf5 26. Nxf5 Rxe1+ 27. Rxe1 Nf6 28. Nd6 Rb8 29. h3 Qd7 30. Qd3 b6 31. f3 bxc5 32. bxc5 Kf8 33. Kh1 Qc6 34. Qe3 Ne8 35. Qe7+ Kg8 36. Qxf7+ Kh7 37. Nxe8 Rb7 38. Nf6+ Qxf6 39. Qxb7 d4 1-0

[Event "NRW U14 op"]
[Site "Olpe"]
[Date "2005.10.03"]
[Round "6.5"]
[White "Lobbe, Alexander"]
[Black "Steinbach, Ulrich"]
[Result "0-1"]
[WhiteElo "1324"]
[BlackElo "1653"]
[PlyCount "112"]
[EventDate "2005.10.01"]
[EventType "swiss"]
[EventRounds "7"]
[EventCountry "GER"]
[SourceTitle "CBM 108 Extra"]
[Source "ChessBase"]
[SourceDate "2005.11.04"]
[SourceVersion "1"]
[SourceVersionDate "2005.11.04"]
[SourceQuality "1"]

1. d4 Nf6 2. Nc3 d6 3. e4 g6 4. f4 Bg7 5. Be2 0-0 6. Nf3 Nbd7 7. e5 dxe5 8. fxe5 Ne8 9. Bc4 Nb6 10. Bb3 e6 11. Bf4 c6 12. 0-0 Nc7 13. Qd2 a5 14. a4 Nbd5 15. Nxd5 Nxd5 16. Bh6 b5 17. c4 Ne7 18. Bxg7 Kxg7 19. Kh1 Ba6 20. Rac1 b4 21. Ba2 Rb8 22. b3 Rc8 23. Rcd1 Qc7 24. Qf4 f6 25. Qe4 f5 26. Qe1 h6 27. Rc1 Rcd8 28. Qe2 g5 29. Rfe1 Nd5 30. Bb1 Nc3 31. Qf2 Qd7 32. Ng1 Qxd4 33. Qxd4 Rxd4 34. Ne2 Nxe2 35. Rxe2 Rfd8 36. Ree1 Rd2 37. Bc2 Rf2 38. Rf1 Rdd2 39. Rxf2 Rxf2 40. Kg1 Re2 41. Kf1 Rxe5 42. Rd1 Rd5 43. Re1 Kf6 44. Kf2 Rd2+ 45. Re2 Rxe2+ 46. Kxe2 c5 47. Kf2 Bb7 48. Bd1 e5 49. g3 f4 50. Be2 e4 51. Bg4 Ke5 52. Ke2 Kd4 53. Ke1 f3 54. Be6 e3 55. Bg4 f2+ 56. Ke2 Bg2 0-1